Financiamiento de la investigación en ciencias biológicas en América Latina / (Record no. 135155)
[ view plain ]
| 000 -CABECERA | |
|---|---|
| campo de control de longitud fija | 00830nam a2200205 a 4500 |
| 005 - FECHA Y HORA DE LA ÚLTIMA TRANSACCIÓN | |
| campo de control | 20210219160316.0 |
| 008 - ELEMENTOS DE LONGITUD FIJA--INFORMACIÓN GENERAL | |
| campo de control de longitud fija | 081009s1993 mx r 000 0 spa d |
| 035 ## - NÚMERO DE CONTROL DEL SISTEMA | |
| Número de control de sistema | UPN01000163042 |
| 049 ## - COLECCIÓN | |
| Colección | UNE |
| 080 ## - NÚMERO DE CLASIFICACIÓN DECIMAL UNIVERSAL | |
| Número de la Clasificación Decimal Universal | 336.1/.5 :001.891 (7/8) "1993" FIN. |
| 245 00 - MENCIÓN DE TÍTULO | |
| Título | Financiamiento de la investigación en ciencias biológicas en América Latina / |
| Mención de responsabilidad, etc. | ed. por Jorge E. Allende, |
| 260 ## - PUBLICACIÓN, DISTRIBUCIÓN, ETC. | |
| Lugar de publicación, distribución, etc. | Chile : |
| Nombre del editor, distribuidor, etc. | Universitaria, |
| Fecha de publicación, distribución, etc. | 1993. |
| 300 ## - DESCRIPCIÓN FÍSICA | |
| Extensión | 368 p. : |
| Otras características físicas | il. |
| 690 ## - PUNTO DE ACCESO ADICIONAL DE MATERIA LOCAL--TÉRMINO DE MATERIA (OCLC, RLIN) | |
| Término de materia o nombre geográfico como elemento inicial | Financiación de la ciencia - América Latina |
| 690 ## - PUNTO DE ACCESO ADICIONAL DE MATERIA LOCAL--TÉRMINO DE MATERIA (OCLC, RLIN) | |
| Término de materia o nombre geográfico como elemento inicial | América Latina - Financiación de la ciencia |
| 700 1# - ASIENTO SECUNDARIO--NOMBRE DE PERSONAL | |
| Nombre de persona | Allende, Jorge E., |
| Término indicativo de función/relación | ed. |
| 710 2# - ASIENTO SECUNDARIO - NOMBRE CORPORATIVO | |
| Nombre de entidad corporativa o nombre de jurisdicción como elemento de entrada | RELAB. |
| Unidad subordinada | Red Latinoamericana de Ciencias Biológicas |
| 711 2# - ASIENTO SECUNDARIO - NOMBRE DE REUNIÓN | |
| Nombre de congreso/reunión o jurisdicción como elemento de entrada | Simposio "El Financiamiento de la Investigación en CienciasBiológicas en América Latina" |
| Fecha del congreso/reunión | (1993 : |
| Sede del congreso/Lugar de la reunión | Buenos Aires) |
| 905 ## - TIPO DE MATERIAL | |
| Tipo de material | UNESCO |
No items available.
